Statistiche per Quiz sulla Serie A - N°5

Clicka qui per fare il quiz!

Statistiche generali

  • Questo quiz è stato fatto 15 volte
  • Il punteggio medio è 6 su 15

Statistiche sulle risposte

DomandaRisposta% Corretto
Quanti scudetti ha vinto la Lazio?2
92%
Chi ha stabilito il record per il maggior numero di stagioni consecutive in gol in Serie A?Francesco Totti (23 stagioni)
85%
Quante squadre sicule hanno disputato almeno un campionato di Serie A?3 (Catania, Messina, Palermo)
77%
Quale tra le seguenti squadre ha più piazzamenti sul podio nel corso della storia della Serie A?Torino
54%
Quale squadra detiene il record di punti in un campionato di Serie A a 20 squadre con 2 punti a vittoria?Torino 1946-1947 (63 punti)
46%
Quante sconfitte ha subito il Benevento in trasferta durante la stagione 2017-2018 (record per un campionato a 20 squadre)?17 su 19
38%
In quale stagione la Reggina ha esordito in Serie A?1999-2000
38%
A quanti campionati di Serie A ha partecipato il Pescara?7
38%
Quali tra i seguenti allenatori ha più presenze assolute in Serie A?Luciano Spalletti
38%
Quale squadra ha stabilito il record per il massimo distacco sulla seconda classificata in un campionato di Serie A a 18 squadre con 2 punti per vittoria?Milan sulla Roma (11 punti; stagione 2003-2004)
38%
In quale stagione il Carpi è retrocesso in Serie B per la prima ed ultima volta?2015-2016
23%
Quale squadra detiene il record del maggior numero di vittorie consecutive in trasferta (dal 12 Febbraio 2017 al 26 Novembre 2017)?Roma
23%
Al termine di quante stagioni la Roma ha terminato il campionato al terzo posto?7
15%
Quante reti ha subito il Modena nel corso della stagione 1947-1948?9 reti
15%
In quante stagioni la Lazio ha concluso il campionato con il peggior attacco?2
8%

Distribuzione punteggi

Percentile per numero di risposta

Percentuale di utenti per punteggio

I tuoi punteggi nel tempo

Non hai fatto questo quiz